000 00454nam a22001937a 4500
003 bpm
005 20260408095758.0
008 260408b |||||||| |||| 001 p spa d
020 _a9789877303254
024 _aS. C. C. / M. C. y E. M.:
040 _aAR-CtUCP
041 _aspa
080 _aCDU
100 _aMasin Claudia
245 _aLa desobediencia :
_bpoesía reunida
650 _aLiteratura - Poesía
942 _cLIB
999 _c76619
_d76619